The argumentative Hindu : (Record no. 143915)

MARC details
000 -LEADER
fixed length control field 00621nam a22002057a 4500
005 - DATE AND TIME OF LATEST TRANSACTION
control field 20170830112417.0
010 ## - LCCN (DPL NO)
LC control number ENG-120188
020 ## - INTERNATIONAL STANDARD BOOK NUMBER
International Standard Book Number 9788177421248
Terms of availability 450.00
035 ## - SYSTEM CONTROL NUMBER
System control number EN-103720
037 ## - SOURCE OF ACQUISITION
Source of stock number/acquisition DBAD/PUB
082 ## - DEWEY DECIMAL CLASSIFICATION NUMBER
Classification number 294.517
100 ## - MAIN ENTRY--PERSONAL NAME
Personal name Elst, Koenraad
245 ## - TITLE STATEMENT
Title The argumentative Hindu :
Remainder of title essays by a non- affiliated orientalist /
Statement of responsibility, etc by Koenraad Elst
260 ## - PUBLICATION, DISTRIBUTION, ETC. (IMPRINT)
Place of publication, distribution, etc New Delhi
Name of publisher, distributor, etc Aditya Prakashan
Date of publication, distribution, etc 2012
270 ## - ADDRESS
Address 2/18, Ansari Road
City New Delhi
Postal code 110002
300 ## - PHYSICAL DESCRIPTION
Extent xi, 518p.
Dimensions 21cm(pbk)
500 ## - GENERAL NOTE
General note Includes index
700 ## - ADDED ENTRY--PERSONAL NAME
Personal name Sampath, S
942 ## - ADDED ENTRY ELEMENTS (KOHA)
Source of classification or shelving scheme Dewey Decimal Classification
Item type English Books
Classification part 294.517
Call number suffix ELS
Holdings
Withdrawn status Lost status Not for loan Collection code Home library Current library Date acquired Source of acquisition Cost, normal purchase price Full call number Barcode Copy number Cost, replacement price Koha item type
      Non-fiction Shahdara Branch Shahdara Branch 30/08/2017 DBAD/PUB 450.00 294.517 ELS EN-103720 1 450.00 English Books

© Delhi Public Library
Hit Counter
free hit counter